Doses de Nitrogênio em cobertura na produtividade e qualidade fisiológica de sementes de trigo (Registro n. 331368)
[ somente texto ]
| 000 -LÍDER | |
|---|---|
| fixed length control field | 04511nab a2200349 i 4500 |
| 003 - CÓDIGO MARC DA AGÊNCIA CATALOGADORA | |
| Campo de controle | BR-BrBNA |
| 005 - DATA E HORA DA ÚLTIMA ATUALIZAÇÃO | |
| Campo de controle | 20250507130159.0 |
| 008 - CAMPO DE TAMANHO FIXO | |
| fixed length control field | 250507b2016 bl.qr|pooa||| 00| 0 por | |
| 040 ## - FONTE DA CATALOGAÇÃO | |
| Agência catalogadora | BR-BrBNA |
| Idioma da catalogação | por |
| 072 ## - CATEGORIA AGRIS | |
| Código AGRIS | F04 |
| Código do objeto | 0180 |
| 072 ## - CATEGORIA AGRIS | |
| Código AGRIS | F01 |
| 100 ## - ENTRADA PRINCIPAL - NOME PESSOAL | |
| Nome pessoal | Barbosa, André Prechlak |
| 100 ## - ENTRADA PRINCIPAL - NOME PESSOAL | |
| Nome pessoal | Silva, André Felipe Moreira |
| 100 ## - ENTRADA PRINCIPAL - NOME PESSOAL | |
| Nome pessoal | Albrecht, Leandro Paiola |
| 100 ## - ENTRADA PRINCIPAL - NOME PESSOAL | |
| Nome pessoal | Albrecht, Alfredo Junior Paiola |
| 100 ## - ENTRADA PRINCIPAL - NOME PESSOAL | |
| Nome pessoal | Ávila, Marizangela Rizzatti |
| 245 ## - TÍTULO PRINCIPAL | |
| Título principal | Doses de Nitrogênio em cobertura na produtividade e qualidade fisiológica de sementes de trigo |
| 500 ## - NOTA GERAL | |
| Nota geral | <br/><br/>Publicação online; 23 ref.; 5 illus.; Summaries (En, Pt) |
| 942 ## - ADDED ENTRY ELEMENTS (KOHA) | |
| Koha item type | Analítica |
| 520 ## - NOTA DE RESUMO | |
| Nota de conteúdo | <br/><br/><br/>Resumo: O nitrogênio (N) é um dos nutrientes absorvidos em maior quantidade pela cultura do trigo, sendo um fator limitante da produção tritícola. Assim, o objetivo do trabalho foi avaliar a influência de doses de nitrogênio (N) aplicadas em cobertura e em dois estádios fenológicos nas características agronômicas e de qualidade de sementes da cultura do trigo. O experimento foi conduzido em Umuarama – PR, de maio a setembro de 2009, o delineamento experimental foi de blocos casualizados, com quatro repetições. Os tratamentos consistiram na aplicação de quatro doses de nitrogênio na forma de ureia (0, 45, 90 e 135 kg ha-¹), parceladas em duas aplicações em cobertura, no início do perfilhamento e no início do alongamento.As variáveis analisadas foram: altura de plantas (cm), acamamento (nota), número de espigas por m², produtividade (kg ha-1), germinação (%), vigor (%), emergência em areia (%) e massa seca de plântulas (g). As características agronômicas do trigo são afetadas pelas doses de nitrogênio em cobertura. O incremento na adubação nitrogenada ocasiona crescimento excessivo e acamamento das plantas de trigo. A dose de 90 kg ha-1 é a mais adequada para obtenção de máxima produtividade da cultura do trigo cultivado na região noroeste do Paraná. A qualidade fisiológica das sementes de trigo é afetada de forma negativa conforme se incrementa a dose de nitrogênio em cobertura, devido ao desbalanço nutricional e acamamento das plantas.<br/><br/><br/>Palavras-chave. Acamamento, Nitrogênio, Triticum aestivum |
| 520 ## - NOTA DE RESUMO | |
| Nota de conteúdo | <br/><br/><br/>Abstract: Nitrogen (N) is one of the nutrients absorbed in larger quantities by the wheat crop, being a limitingfactor for wheat culture production. Thus, the objective of this study was to evaluate the influence of nitrogen (N) applied in coverage and in two phenological stages on the agronomic characteristics and quality of wheat crop seeds. The experiment was conducted in Umuarama - PR, from May to September 2009, the experimental design was a randomized block with four replications. The treatments consisted of application of four levels of nitrogen in the form of urea (0, 45, 90 and 135 kg ha-¹), divided in two applications in coverage at the beginning of tillering and the beginning of stretching. The variables analyzed were: plant height (cm), lodging (note), number of ears per square meter, yield (kg ha-1), germination (%), vigor (%), sand emergence (%) and dry weight seedlings (g). The wheat agronomic characteristics are affected by nitrogen levels in coverage. The increase in nitrogen fertilizer causes overgrowth and lodging of wheat plants. The dose of 90 kg ha-1 is the most appropriate for achieving maximum yield of the cultivated wheat crop in the northwestern region of Paraná. The physiological quality of wheat seeds is affected negatively as it increases the amount of nitrogen in coverage due to an unbalanced nutrition and plant lodging. <br/><br/><br/>Keywords: Lodging, Nitrogen, Triticum aestivum |
| 650 ## - ASSUNTO - THESAGRO | |
| Cabeçalho tópico ou nome geográfico | TRIGO |
| 650 ## - ASSUNTO - THESAGRO | |
| Cabeçalho tópico ou nome geográfico | SEMENTE |
| 650 ## - ASSUNTO - THESAGRO | |
| Cabeçalho tópico ou nome geográfico | CARACTERÍSTICAS AGRONÔMICAS |
| 650 ## - ASSUNTO - THESAGRO | |
| Cabeçalho tópico ou nome geográfico | ADUBAÇÃO |
| 650 ## - ASSUNTO - THESAGRO | |
| Cabeçalho tópico ou nome geográfico | NITROGÊNIO |
| 650 ## - ASSUNTO - THESAGRO | |
| Cabeçalho tópico ou nome geográfico | TOMBAMENTO DE PLANTA |
| 650 ## - ASSUNTO - THESAGRO | |
| Cabeçalho tópico ou nome geográfico | PRODUTIVIDADE |
| 773 0# - ENTRADA ANALÍTICA | |
| Host Biblionumber | 3583 |
| Registro do item | 350063 |
| Imprenta | Cruz das Almas-BA Universidade Federal da Bahia - Escola de Agronômia 1983 |
| Outro identificador | 2025-2672 |
| Título | Magistra (Brazil) |
| ISSN | 0102-5333 |
| Colação | v. 28(2) p. 211-220; (2016) |
| Número de controle de registro | BR2025000950 |
| 856 ## - ACESSO E ENDEREÇO ELETRÔNICO | |
| Identificador uniforme de recurso - URI | https://periodicos.ufrb.edu.br/index.php/magistra/article/view/3857/2070 |
Nenhum exemplar disponível.

BINAGRI